000 00738nas a2200241 4500
001 BR0301509
003 BR-BrBNA
005 20231205103640.0
007 ta
008 230509b bl.|||p| |||| 00| 00por d
040 _aBR-BrBNA
_bpor
_cBiblioteca Nacional de Agricultura
041 _a(Pt)
072 _aE16
100 1 _aSilva, J.M. da
100 1 _aReis, R.P.
245 1 _aCustos de produção do café na região de Lavras, Minas Gerais: estudo de casos
650 _aCAFÉ
650 _aCUSTO DE PRODUÇÃO
650 _aRENTABILIDADE
773 0 _tCiência e Agrotecnologia (Brazil)
_xISSN 1413-7054
_g(Nov-Dec 2001), v. 25(6) p. 1287-1294
_wBR0301509
909 _a202311
_bLúcia
_c55
_dLúcia Elande
942 _2AGRIS
_n0
_cANA
999 _c174009
_d174009